Spring festival: sweet time for family reunion (Запис номер 490462)
[ съкратено ]
| 000 -Лидер | |
|---|---|
| Контролно поле с фиксирана дължина | 00973aam a2200313 a 4500 |
| 003 - Код на организацията, давaща контролен номер | |
| Контролно поле | BLK |
| 005 - Дата и час на последна редакция | |
| Контролно поле | 20250412111221.0 |
| 008 - Елементи от данни с фиксирана дължина | |
| fixed length control field | 181012b bu ||||| |||| 00| 0 bu d |
| 020 ## - Международен стандартен номер на книга ISBN | |
| Международен стандартен номер на книга ISBN | 9787508545400 |
| 040 ## - Източник на каталожния запис | |
| Идентификатор на билиотеката - собственик на записа | BLK |
| 041 ## - Код за език | |
| Код за езика на текст/звукозапис или на отделно заглавие | Английски |
| -- | Китайски |
| Код за езика КДБФ | Английски |
| 080 ## - УДК | |
| Текстов определител УДК | Вярвания и обичаи, свързани с определено годишно време и празници |
| УДК код - определител по УДК | 398.33 |
| УДК определител | (510) |
| УДК - код + определител | 398.33(510) |
| 100 ## - Редна дума - Автор | |
| R(LIN) | 487385 |
| Автор | Su Jin |
| 139 ## - Редно поле | |
| Редна дума | Su Jin |
| Авторски знак | Su - S 91 |
| 245 ## - Сведения за заглавието | |
| Заглавие | Spring festival: sweet time for family reunion |
| Редно поле (дума) | Su Jin |
| 257 ## - Страна на издаване | |
| Страна на създаване/издаване | Китай |
| 260 ## - Област на издателските данни | |
| Място на издаване, разпространение и проч. | Beijing |
| Име на издателя, разпространителя и проч. | China Intercontinental Press |
| Година на издаване | 2021 |
| 9 (RLIN) | 487381 |
| 300 ## - Физическа характеристика | |
| Страници | 258 p. |
| Размери/Мащаб | 23 см |
| 380 ## - Жанр | |
| Жанр | Обществени науки |
| 490 ## - СЕРИИ (Колекции) | |
| 9 (RLIN) | 487383 |
| Име на серия | Cultural symbols of China |
| №: серия | vol. 1 |
| 650 #7 - Допълнително описание по предмет – тема | |
| 9 (RLIN) | 175227 |
| Основно описание – тема или топоним | Фестивали |
| 651 #7 - Допълнително описание по предмет - топоним | |
| 9 (RLIN) | 179033 |
| Географско понятие | Китай |
| 856 ## - Електронен адрес и достъп | |
| Инструкция (цена за достъп) | 0.00 |
| Права за достъп | disable |
| 999 ## - СИСТЕМНИ КОНТРОЛНИ НОМЕРА | |
| Koha biblionumber | 490462 |
| Koha biblioitemnumber | 490462 |
| 942 ## - АРТИКУЛИ | |
| Вид на библиотечния материал | Книги |
| Източник на класификационната схема | Universal Decimal Classification |
| Скрит в OPAC | Не |
| Периодичен библиозапис | Да |
| Koha issues (borrowed), all copies | 1 |
| 944 ## - СЪЗДАВАНЕ И РЕДАКЦИЯ на ЗАПИСА | |
| Създаване/Редакция | Създаване |
| Дата на регистрацията/редакция | 2023-04-18 |
| Служител, извършил регистрацията/редакцията | 30576 |
| Статус, дата на статуса | Цветомила Тодорова |
| 999 ## - СИСТЕМНИ КОНТРОЛНИ НОМЕРА | |
| Koha biblioitemnumber | 490461 |
| 999 ## - СИСТЕМНИ КОНТРОЛНИ НОМЕРА | |
| Koha biblioitemnumber | 490460 |
| 999 ## - СИСТЕМНИ КОНТРОЛНИ НОМЕРА | |
| Koha biblioitemnumber | 490460 |
| Код за отписване | Код за изгубен артикул | Източник на класификационната схема | Код за повреда | Коз за рестрикции | Код за отдаване | Артикулен № | Име на библиотеката - собственик | Име на библиотеката, в която се намира в момента | Статус (Текущо местоположение) | Дата на вписване в системата | Местоположение - отдел | Цена в лева | Инвентарен номер | Систематично азбучна сигнатура | Баркод | Цена в евро | Служебен тип на артикула |
|---|---|---|---|---|---|---|---|---|---|---|---|---|---|---|---|---|---|
| Не е изгубен | Universal Decimal Classification | Не е повреден | без рестрикции | заемане за дома | 927330 | Регионална библиотека "Любен Каравелов" Русе | Регионална библиотека "Любен Каравелов" Русе | Заемна - подръчен фонд | 2023-04-20 | Заемна - подръчен фонд | 20.00 | 120000886552 | 398/S 91 | 120000886552 | 10.23 | Книги |